1271 1912 1235 1140 1189 1193 1901 1375 1671 1012 1474 1514 1894 1959 1450 1003 1388 1735 1292 1484 1041 1163 1077 1033 1479 1154 1356 1069 1936 1924 1726 1106 1842 1737 1717 1616 1898 1700 1318 1723 1778 1750 1545 1384 1848 1867 1234 1689 1815 1210 1646 1290 1605 1519 1723 1720 1118 1635 1289 1143 1326 1712 1984 1636 1826 1331 1671 1015 1611 1198 1775 1835 1388 1556 1488 1816 1710 1374 1928 1493 1855 1224 1444 1802 1773 1389 1919 1441 1693 1986 1696 1995 1328 1099 1378 1008 1416 1759 1472 BCNSPRNW ULIB Ver.6.0+V

เปลี่ยนเป็นภาษาไทย

Change to English
 แสดงรายละเอียดบรรณานุกรม
  กลับหน้าหลัก

Brief Record : Get Marc (ISO 2709) : E-mail record : QR code < ปิดหน้าต่าง
LEADER : 00000nam 2200000uu 4500
001    13399109035
003     ULIB
008    110320s2543||||th 000 0 tha d
020    9743334505 (pbk.)
060 04 WY18^bป323ก 2543
100 0  ประนอม โอทกานนท์
245 10 การประกันคุณภาพการศึกษาสาขาพยาบาลศาสตร์ /^cโดย ประนอมโอทกานนท์
250    พิมพ์ครั้งที่ 1
260    กรุงเทพฯ :^bโรงพิมพ์แห่งจุฬาลงกรณ์มหาวิทยาลัย,^c2543
300    ก-ฏ, 214 หน้า :^bภาพประกอบ ;^c27 ซม.
650  2 Nursing^xtherapy
650  2 Accreditation^xeducation
650  7 การพยาบาล^xการศึกษาและการสอน
650  7 การพยาบาล^xหลักสูตร
650  7 ประกันคุณภาพการศึกษา
710 2  จุฬาลงกรณ์มหาวิทยาลัย. ^bคณะพยาบาลศาสตร์
945    ^p190^l0^i014017
945    ^p190^l0^i018391
945    ^p190^l0^i014016
945    ^p190^l0^i013227
945    ^p190^l0^i013226
945    ^p190^l0^i013225
945    ^p190^l0^i014015
995    เกษร
999 ^a ใช้งานได้ทุกระบบ
รายการนี้ยังไม่มีแท็ก
คุณยังไม่ได้ล็อกอิน คุณสามารถมีกิจกรรมร่วมกับเว็บไซต์ได้ แต่ต้องล็อกอินก่อน ::
  ล็อกอิน

รายการสื่อสารสนเทศ

ลำดับที่ ประเภท เลขเรียก/บาร์โค้ด สถานที่ สถานะ
1. วิทยาศาสตร์การแพทย์ และสุขภาพ
วิทยาศาสตร์การแพทย์ และสุขภาพ
สถานะ=หนังสือเก่า
WY18 ป323ก 2543 ฉ.7 
  Barcode: 018391
ห้องสมุดวิทยาเขตสวรรค์ประชารักษ์
►ส่วนจัดเก็บหนังสือเก่า สปร
บนชั้น
  ขอยืม

รายการใกล้เคียง
    ผู้แต่ง [ประนอม โอทกานนท์]

    หัวเรื่อง [ประกันคุณภาพการศึกษา]

BibComment


ยังไม่เคยถูกคอมเมนท์

คอมเมนท์ทรัพยากรรายการนี้
  คอมเมนท์: การประกันคุณภาพกา..


 Copyright 2026. Bcnsprnw @Library